Collection of extemporaneous speech : (Record no. 7169)

MARC details
000 -LEADER
fixed length control field 00630nam a22001817a 4500
003 - CONTROL NUMBER IDENTIFIER
control field OSt
005 - DATE AND TIME OF LATEST TRANSACTION
control field 20251217062724.0
008 - FIXED-LENGTH DATA ELEMENTS--GENERAL INFORMATION
fixed length control field 251217b |||||||| |||| 00| 0 eng d
020 ## - INTERNATIONAL STANDARD BOOK NUMBER
International Standard Book Number 971-90817-0-10
040 ## - CATALOGING SOURCE
Original cataloging agency DWC-Main lib
Transcribing agency OC
082 ## - DEWEY DECIMAL CLASSIFICATION NUMBER
Classification number Res. 808.85 M539 2002
100 ## - MAIN ENTRY--PERSONAL NAME
Personal name Mendoza, M.
245 ## - TITLE STATEMENT
Title Collection of extemporaneous speech :
Remainder of title for students
Statement of responsibility, etc. Mendoza, Mila
260 ## - PUBLICATION, DISTRIBUTION, ETC.
Place of publication, distribution, etc. Quezon City, Philippines :
Name of publisher, distributor, etc. MMA Publications,
Date of publication, distribution, etc. c2002
300 ## - PHYSICAL DESCRIPTION
Extent iii, 84 pages ;
Dimensions 20 cm.
504 ## - BIBLIOGRAPHY, ETC. NOTE
Bibliography, etc. note Includes bibliographical references.
942 ## - ADDED ENTRY ELEMENTS (KOHA)
Source of classification or shelving scheme Dewey Decimal Classification
Koha item type Book- Reserved
Classification part Res. 808.85 M539 2002
Call number prefix Res.
Suppress in OPAC No
952 ## - LOCATION AND ITEM INFORMATION (KOHA)
--
Holdings
Withdrawn status Lost status Source of classification or shelving scheme Damaged status Not for loan Home library Current library Shelving location Date acquired Source of acquisition Total Checkouts Full call number Barcode Date last seen Copy number Price effective from Koha item type Uniform Resource Identifier
    Dewey Decimal Classification     College Library College Library Reserved 08/02/2005 School Fund   Res. 808.85 M539 2002 CL42180 12/17/2025 c1 12/17/2025 BK-0 CIRC